00954nam a2200289 i 4500001000300000100002300003245008000026260002700106300003600133490004700169500001900216504002600235650002300261650001800284650003000302830004700332020001500379040000800394041001100402080002100413920001800434942000700452008004100459999001700500856009800517952004900615bg1 aFIRSZT, Franciszek10aLuminescencja mieszanych kryształów Zn~(1-xMg~(xSe /cFranciszek Firszt. aToruń :bUMK,c1999. a207 s. :bfot., wykr. ;c24 cm.1 aRozprawy / Uniwersytet Mikołaja Kopernika aStreszcz. ang. aBibliogr. przy rozdz. 9aKryształyxfizyka 9aLuminescencja 9aPółprzewodnikixfizyka 0aRozprawy (Uniwersytet Mikołaja Kopernika) a8323110263 cBPK0 aplben a535.37:537.3:548 a83-231-1026-3 cKS s pl f |000 0 pol  c42391d42391 uhttp://koha.tu.koszalin.pl/cgi-bin/koha/opac-detail.pl?biblionumber=42391yKatalog online BPK 00104070aBPKbBPKcwo66689p01982756yKS